| 000 | 00679nam a2200229 a 4500 | ||
|---|---|---|---|
| 001 | 000003670 | ||
| 003 | DO-SdBNP | ||
| 005 | 20220720105307.0 | ||
| 007 | ta | ||
| 008 | 090713s2003 sp ac 000 0 spa d | ||
| 020 | _a8449424062 | ||
| 040 |
_aDO-SdBNP _bspa _cBNPHU |
||
| 082 | 4 |
_bI72d _222 |
|
| 100 | 1 |
_aIrvin, Polly _911246 |
|
| 245 | 1 | 0 |
_aDirectores : _bartes escénicas / _cPolly Irvin ; traducción José Casado Rodrigo. |
| 260 |
_aBarcelona : _bOceano, _c2003. |
||
| 300 |
_a176 p. : _bil., retrs. ; _c30 cm. |
||
| 500 | _aIncluye índice. | ||
| 534 |
_pTítulo original : _tDirecting for the stage. |
||
| 700 | 1 |
_aCasado Rodrigo, José, _etr. _911247 |
|
| 942 |
_2ddc _cLBS1 |
||
| 999 |
_c3493 _d3493 |
||